000 00425nam a22001697a 4500
005 20160618151541.0
008 160618b xxu||||| |||| 00| 0 eng d
020 _a81-89611-72-0
041 _aeng
082 _b8190
100 _aJain, T.R. and Agard dr s.c.
_92247
245 _aQuantitative Methods
260 _aNew Delhi
_bVikas Publishing House (P) Ltd.
300 _a540
650 _aManagement
_9241
942 _cBK
999 _c3144
_d3143